书目信息 |
| 题名: |
高斯数据库关键技术原理与行业实践
|
|
| 作者: | 李国良 , 宋涛 , 王江 编著 | |
| 分册: | ||
| 出版信息: | 北京 化学工业出版社 2025.07 |
|
| 页数: | 379页 | |
| 开本: | 26cm | |
| 丛书名: | ||
| 单 册: | ||
| 中图分类: | TP311.13 | |
| 科图分类: | ||
| 主题词: | 数据库系统--shu ju ku xi tong | |
| 电子资源: | ||
| ISBN: | 978-7-122-47684-5 | |
| 000 | 01450nam0 2200265 450 | |
| 001 | 92965 | |
| 005 | 20250818171713.68 | |
| 010 | @a978-7-122-47684-5@dCNY148.00 | |
| 100 | @a20250627d2025 em y0chiy50 ea | |
| 101 | 0 | @achi |
| 102 | @aCN@b110000 | |
| 105 | @aak z 000yy | |
| 106 | @ar | |
| 200 | 1 | @a高斯数据库关键技术原理与行业实践@Agao si shu ju ku guan jian ji shu yuan li yu hang ye shi jian@d= Key technical principles and industry practice of GaussDB@f李国良, 宋涛, 王江编著@zeng |
| 210 | @a北京@c化学工业出版社@d2025.07 | |
| 215 | @a379页@c图@d26cm | |
| 330 | @a本书详尽阐述了高斯数据库的系统架构、设计理念、核心技术、实现机制以及未来的发展方向。通过深入浅出的叙述, 书中将技术理论与行业应用完美融合, 为读者呈现如何实现数据库高性能、高可用、高扩展性、高智能和高安全的关键技术, 并深度剖析其背后的优化动因与权衡。本书还介绍了数据库在实际场景中的系统调优思路和经验, 为数据库从业人员提供有益参考。此外, 书中还详细介绍了高斯数据库在我国众多关键基础行业的成功应用案例, 覆盖金融、政府 (比如政务云、财政管理等)、制造业、卫生健康、电信、能源、水利、广播电视等领域, 展示其在实践中的强大功能和广泛影响力。 | |
| 510 | 1 | @aKey technical principles and industry practice of GaussDB@zeng |
| 606 | 0 | @a数据库系统@Ashu ju ku xi tong |
| 690 | @aTP311.13@v5 | |
| 701 | 0 | @a李国良@Ali guo liang@4编著 |
| 701 | 0 | @a宋涛@Asong tao@4编著 |
| 701 | 0 | @a王江@Awang jiang@4编著 |
| 801 | 0 | @aCN@c20250909 |
| 905 | @a河南城建学院图书馆@dTP311.13@eL160@f1 | |
| 高斯数据库关键技术原理与行业实践= Key technical principles and industry practice of GaussDB/李国良, 宋涛, 王江编著.-北京:化学工业出版社,2025.07 |
| 379页:图;26cm |
| ISBN 978-7-122-47684-5:CNY148.00 |
| 本书详尽阐述了高斯数据库的系统架构、设计理念、核心技术、实现机制以及未来的发展方向。通过深入浅出的叙述, 书中将技术理论与行业应用完美融合, 为读者呈现如何实现数据库高性能、高可用、高扩展性、高智能和高安全的关键技术, 并深度剖析其背后的优化动因与权衡。本书还介绍了数据库在实际场景中的系统调优思路和经验, 为数据库从业人员提供有益参考。此外, 书中还详细介绍了高斯数据库在我国众多关键基础行业的成功应用案例, 覆盖金融、政府 (比如政务云、财政管理等)、制造业、卫生健康、电信、能源、水利、广播电视等领域, 展示其在实践中的强大功能和广泛影响力。 |
| ● |
| 相关链接 |
|
|
|
正题名:高斯数据库关键技术原理与行业实践
索取号:TP311.13/L160
 
预约/预借
| 序号 | 登录号 | 条形码 | 馆藏地/架位号 | 状态 | 备注 |
| 1 | 1626923 | 216269231 | 自科库301/301自科库 78排1列1层/ [索取号:TP311.13/L160] | 在馆 |